000 00629nam a2200181Ia 4500
008 090630s9999 xx 000 0 und d
082 _b24548
100 _aपुंडलिक रमेश.
245 _aयोगासने व आहार.
_cपुंडलिक रमेश.
260 _bमहाजन ब्रदर्स - पुणे.
300 _a0
600 _aपुंडलिक रमेश.
630 _aयोगासने व आहार.
655 _aइतर.
700 _aपुंडलिक रमेश.
730 _aयोगासने व आहार.
942 _cBOOK
999 _c276404
_d276404